000 00358 a2200157 4500
001 194508
020 _a978-85-7676-532-5
040 _cMagnum
100 _aLarry, H I
240 1 0 _aZac Power: Aventura no Espaço
_lpor
245 1 0 _aZac Power: Aventura no Espaço
300 _a1
362 0 _a2009
697 _aLITERATURAS ESTRANGEIRAS
942 _cBK
999 _c194508
_d194508